Concepts in building firesafety /

Bibliographic Details
Main Author: Egan, M. David
Format: Book
Language:English
Published: New York : Wiley, [1978]
Subjects:

MARC

Tag First Indicator Second Indicator Subfields
LEADER 00000cam a22000008i 4500
001 in00000595708
005 20151014164716.0
008 770811s1978 nyu 00110 eng
010 |a  77012184  
020 |a 0471022292 
035 |a (OCoLC)03240604 
035 |9 ACS4153AM 
040 |a DLC  |c DLC  |d TXA  |d UtOrBLW 
049 |a TXAM  |c [1538015] 
050 0 0 |a TH9145  |b .E3 
082 0 |a 693.8/2 
100 1 |a Egan, M. David. 
245 1 0 |a Concepts in building firesafety /  |c M. David Egan. 
264 1 |a New York :  |b Wiley,  |c [1978] 
264 4 |c ©1978 
300 |a xv, 269 pages :  |b illustrations ;  |c 29 cm. 
336 |a text  |b txt  |2 rdacontent 
337 |a unmediated  |b n  |2 rdamedia 
338 |a volume  |b nc  |2 rdacarrier 
500 |a "A Wiley-Interscience publication." 
500 |a Includes index. 
650 0 |a Fire prevention. 
650 0 |a Fire extinction. 
650 0 |a Building, Fireproof. 
999 |a MARS 
999 f f |s 2ba5a46b-050b-38c3-8614-2a0230f5a91e  |i 3d350d2a-2fe0-35d8-a4b6-7353aacd69f8  |t 0 
952 f f |p ric  |a Texas A&M University  |b Rellis Campus  |c Joint Library Facility  |d Remote Storage  |t 0  |e TH9145 .E3  |h Library of Congress classification  |i unmediated -- volume  |m A14805417932 
998 f f |a TH9145 .E3  |t 0  |l Remote Storage